000 00705nam a2200217 a 4500
001 64734
003 BD-RjUL
005 20211209081338.0
008 170219s1962 ii ||||| |||| 00| 0 ben d
035 _a(BD-RjUL) 64864
040 _aBD-RjUL
_bben
_cBD-RjUL
041 _aben
082 _223
_a954.092
_bBAR 1962
100 1 _aবাগচি, মনি
_9123362
245 1 0 _aরমেশচন্দ্র /
_cমনি বাগচি
260 _aকলিকাতা :
_bজিজ্ঞাসা,
_c১৯৬২
300 _a২১০ পৃ. ;
_c২১ সেমি.
650 _aইন্ডিয়া
_vজীবনী
_9191971
650 _aIndia
_vBiography
_9191972
942 _2ddc
_cBK
999 _c64734
_d64734